Statistiques concernant Filmographie de Thierry Lhermitte

Cliquez ici pour prendre le quiz!

Statistiques générales

  • Ce quiz a été pris 14 fois
  • Le résultat moyen est 12 sur 134

Statistiques - réponses

Réponse% Correct
Les Bronzés
100%
Les bronzés font du ski
100%
Le père Noël est une ordure
92%
Les Bronzés 3
85%
Le Dîner de cons
77%
Papy fait de la résistance
77%
Un Indien dans la ville
69%
Les Ripoux
54%
Joyeuse retraite !
38%
Nuit d'ivresse
38%
Ripoux contre ripoux
38%
La Totale !
31%
Promotion canapé
31%
Quai d'Orsay
31%
Joyeuse retraite 2
23%
La Vengeance d'une blonde
23%
Le Mariage du siècle
23%
Le Placard
23%
Le Zèbre
23%
All Inclusive
15%
Clara et les Chics Types
15%
Grosse Fatigue
15%
Just a Gigolo
15%
Le Prince du pacifique
15%
Ripoux 3
15%
Vous n'aurez pas l'Alsace et la Lorraine
15%
Alors on danse
8%
Brutus vs César
8%
Chasse gardée
8%
Effroyables Jardins
8%
Fucking Fernand
8%
La femme de mon pote
8%
La Finale
8%
L'Année prochaine si tout va bien
8%
Le Divorce
8%
Les Valseuses
8%
L'invité
8%
Mauvais esprit
8%
Mystère à Saint-Tropez
8%
Que la fête commence
8%
Qui perd gagne !
8%
Sexygénaires
8%
Tango
8%
13m2
0%
Alors heureux ?
0%
And now... Ladies and Gentlemen
0%
Ange ou Démon
0%
Attention les yeux
0%
Augustin
0%
Au secours, j'ai 30 ans !
0%
Bancs publics (Versailles Rive-Droite)
0%
Benoît Brisefer : Les Taxis rouges
0%
Bon plan
0%
Ça se soigne ?
0%
C'est pas ma faute !
0%
C'est pas parce qu'on a rien à dire qu'il faut fermer sa gueule...
0%
Cette femme-là
0%
Charité biz'ness
0%
Comme des rois
0%
Comme tout le monde
0%
Dernier été à Tanger
0%
Des enfants gâtés
0%
Deuxième vie
0%
Elles n'oublient jamais
0%
Elle voit des nains partout !
0%
Entre vivir y soñar
0%
Fallait pas !...
0%
Fanfan
0%
F... comme Fairbanks
0%
Foon
0%
French Lover
0%
Gigola
0%
Hommes au bord de la crise de nerfs
0%
Incontrôlable
0%
La Bande du drugstore
0%
La Banquière
0%
La Clef
0%
La Fête des pères
0%
La Fiancée qui venait du froid
0%
La Marque des anges
0%
L'Américain
0%
L'Amour en herbe
0%
L'An 01
0%
La Nouvelle Vie de Paul Sneijder
0%
L'Antidote
0%
La Smala
0%
Le Bol d'air
0%
Le Dernier Amant romantique
0%
Le Diable dans la boîte
0%
Légitime VIolence
0%
Le Loup-garou
0%
Le noir (te) vous va si bien
0%
Le Plus Beau Pays du monde
0%
Le prof
0%
Le Roman de Lulu
0%
Les 1001 nuits
0%
Les Clefs de bagnole
0%
Les Collègues
0%
Les héros n'ont pas froid aux oreilles
0%
Les hommes préfèrent les grosses
0%
Le Siffleur
0%
Les Papas du dimanche
0%
Les Petits Flocons
0%
Les Rois du gag
0%
Les Secrets professionnels du Dr. Apfelglück
0%
Les Soeurs Soleil
0%
Les Suspects
0%
L'Ex-femme de ma vie
0%
L'Honneur de la tribu
0%
L'Indic
0%
L'Ombre du doute
0%
Ma famille t'adore déjà !
0%
Ma femme me quitte
0%
Marquise
0%
Meilleur Espoir féminin
0%
Nos femmes
0%
Nothing Sacred
0%
Notre univers impitoyable
0%
On aura tout vu
0%
Oublie-moi
0%
Quatre Garçons pleins d'avenir
0%
Rock'n Torah
0%
Sans rancune !
0%
Si vous n'aimez pas ça, n'en dégoûtez pas les autres
0%
Snowboarder
0%
Starfuckers
0%
Stella
0%
Thelma, Louise et Chantal
0%
Tous les jours dimanche
0%
Tout dépend des filles
0%
Trafic d'influence
0%
Une affaire privée
0%
Un été d'enfer
0%
Un homme à ma taille
0%

Distribution des résultats

Percentile par nombre de réponses

% des personnes avec chaque résultat

Votre développement - résultats

Vous n’avez pas pris ce quiz